PRIME : property performance, regional rental growth, prime rental levels 1999. (Record no. 100065)

MARC details
000 -LEADER
fixed length control field 00825cam a2200313 4500
001 - CONTROL NUMBER
control field S00001
008 - FIXED-LENGTH DATA ELEMENTS--GENERAL INFORMATION
fixed length control field 000000n1999 000 0 eng u
035 ## - SYSTEM CONTROL NUMBER
System control number (Sirsi) u102847
041 ## - LANGUAGE CODE
Language code of text/sound track or separate title eng
050 ## - LIBRARY OF CONGRESS CALL NUMBER
Classification number 333.33016
110 ## - MAIN ENTRY--CORPORATE NAME
Corporate name or jurisdiction name as entry element Healey and Baker
9 (RLIN) 1907
245 ## - TITLE STATEMENT
Title PRIME : property performance, regional rental growth, prime rental levels 1999.
260 ## - PUBLICATION, DISTRIBUTION, ETC.
Place of publication, distribution, etc. London
Name of publisher, distributor, etc. Healey & Baker
Date of publication, distribution, etc. 1999
300 ## - PHYSICAL DESCRIPTION
Extent 6p. ; 30cm.
350 ## - PRICE (NR) (BK AM CF MU VM SE) [OBSOLETE]
Price 0
650 ## - SUBJECT ADDED ENTRY--TOPICAL TERM
Topical term or geographic name entry element INDICES
650 ## - SUBJECT ADDED ENTRY--TOPICAL TERM
Topical term or geographic name entry element INDUSTRIAL PROPERTY
650 ## - SUBJECT ADDED ENTRY--TOPICAL TERM
Topical term or geographic name entry element OFFICES
650 ## - SUBJECT ADDED ENTRY--TOPICAL TERM
Topical term or geographic name entry element PRIME
650 ## - SUBJECT ADDED ENTRY--TOPICAL TERM
Topical term or geographic name entry element PROPERTY INDICES
650 ## - SUBJECT ADDED ENTRY--TOPICAL TERM
Topical term or geographic name entry element PROPERTY PERFORMANCE
650 ## - SUBJECT ADDED ENTRY--TOPICAL TERM
Topical term or geographic name entry element RENTAL GROWTH
650 ## - SUBJECT ADDED ENTRY--TOPICAL TERM
Topical term or geographic name entry element RENTAL VALUES
650 ## - SUBJECT ADDED ENTRY--TOPICAL TERM
Topical term or geographic name entry element RETAIL PROPERTY
650 ## - SUBJECT ADDED ENTRY--TOPICAL TERM
Topical term or geographic name entry element RETAIL WAREHOUSES
650 ## - SUBJECT ADDED ENTRY--TOPICAL TERM
Topical term or geographic name entry element WAREHOUSES
690 ## - LOCAL SUBJECT ADDED ENTRY--TOPICAL TERM (OCLC, RLIN)
Topical term or geographic name as entry element PROPERTY-COMMERCIAL PROPERTY
942 ## - ADDED ENTRY ELEMENTS (KOHA)
Suppress in OPAC 0
Holdings
Withdrawn status Lost status Source of classification or shelving scheme Damaged status Not for loan Home library Current library Shelving location Date acquired Total Checkouts Full call number Barcode Date last seen Copy number Price effective from Koha item type
    Dewey Decimal Classification     London London Property market reports 15/06/2000   PROPERTY MARKET REPORTS 30061419 06/08/2019 2 06/08/2019 Book